[Event "USA-ch"]
[Site "Saint Louis"]
[Date "2013.05.09"]
[Round "6"]
[White "Sammour Hasbun, Jorge E"]
[Black "Ivanov, Alexander"]
[Result "1-0"]
[WhiteElo "2463"]
[BlackElo "2529"]
[PlyCount "45"]
[EventDate "2013.05.03"]
[EventType "swiss"]
[EventRounds "9"]
[EventCountry "USA"]
[SourceTitle "CBM 154 Extra"]
[Source "ChessBase"]
[SourceDate "2013.06.25"]
[SourceVersion "2"]
[SourceVersionDate "2013.06.25"]
[SourceQuality "1"]

1. e4 e5 2. Nf3 Nc6 3. Bb5 Nf6 4. 0-0 Nxe4 5. Re1 Nd6 6. Nxe5 Be7 7. Bd3 Nxe5 8. Rxe5 0-0 9. Nc3 Bf6 10. Re3 g6 11. Qf3 Bg7 12. b3 Ne8 13. Ba3 d6 14. Rae1 Nf6 15. h3 Nd7 16. Nd5 Kh8 17. Re7 c6 18. Bxd6 cxd5 19. Rxf7 Re8 20. Be7 Qa5 21. Re6 Qxa2 22. Bf6 Nxf6 23. Qxf6 1-0

[Event "USA tt"]
[Site "ICC INT"]
[Date "2012.10.18"]
[Round "7"]
[White "Stripunsky, Alexander"]
[Black "Sammour Hasbun, Jorge E"]
[Result "0-1"]
[WhiteElo "2566"]
[BlackElo "2463"]
[PlyCount "64"]
[EventDate "2012.09.04"]
[EventType "team-tourn"]
[EventRounds "10"]
[EventCountry "USA"]
[SourceTitle "EXT 2013"]
[Source "ChessBase"]
[SourceDate "2012.11.22"]
[SourceVersion "1"]
[SourceVersionDate "2012.11.22"]
[SourceQuality "1"]
[WhiteTeam "New Jersey"]
[BlackTeam "Boston"]
[WhiteTeamCountry "USA"]
[BlackTeamCountry "USA"]

1. d4 d5 2. c4 c6 3. Nc3 Nf6 4. e3 e6 5. Nf3 Nbd7 6. Qc2 Bd6 7. Bd3 0-0 8. 0-0 dxc4 9. Bxc4 b5 10. Be2 Bb7 11. Rd1 Qc7 12. e4 e5 13. Bg5 exd4 14. Rxd4 Ne5 15. Bxf6 gxf6 16. h3 b4 17. Na4 c5 18. Rdd1 Rfe8 19. Nd2 Kh8 20. Re1 Rg8 21. Nc4 Nxc4 22. Bxc4 Rg5 23. Rad1 f5 24. Bd5 Rag8 25. Bxb7 Rxg2+ 26. Kf1 Bg3 27. Rd2 Bh4 28. Qxc5 Qxb7 29. Qd4+ f6 30. Nc5 Qb5+ 31. Nd3 f4 32. Ke2 Qh5+ 0-1

[Event "USA tt"]
[Site "ICC INT"]
[Date "2012.10.11"]
[Round "6"]
[White "Sammour Hasbun, Jorge E"]
[Black "Khachiyan, Melikset"]
[Result "0-1"]
[WhiteElo "2463"]
[BlackElo "2473"]
[PlyCount "128"]
[EventDate "2012.09.04"]
[EventType "team-tourn"]
[EventRounds "10"]
[EventCountry "USA"]
[SourceTitle "CBM 150 Extra"]
[Source "ChessBase"]
[SourceDate "2012.10.19"]
[SourceVersion "1"]
[SourceVersionDate "2012.10.19"]
[SourceQuality "1"]
[WhiteTeam "Boston"]
[BlackTeam "Los Angeles"]
[WhiteTeamCountry "USA"]
[BlackTeamCountry "USA"]

1. e4 c5 2. Nf3 Nc6 3. d4 cxd4 4. Nxd4 g6 5. Nc3 Bg7 6. Be3 Nf6 7. Bc4 0-0 8. Bb3 Qa5 9. 0-0 d6 10. h3 Nxd4 11. Bxd4 Be6 12. f4 Rac8 13. Qd3 Nd7 14. f5 Bxd4+ 15. Qxd4 Bxb3 16. axb3 Qb6 17. Qxb6 axb6 18. Ra7 Rb8 19. Nd5 Rfe8 20. f6 exf6 21. Rxf6 Re6 22. Rxe6 fxe6 23. Ne7+ Kf8 24. Nc6 Rc8 25. Rxb7 Rxc6 26. Rxd7 Rxc2 27. Rxd6 Ke7 28. Rxb6 Kf6 29. Kh2 Rxb2 30. Kg3 g5 31. Kf3 h5 32. Rb8 Rc2 33. Rb5 Rc3+ 34. Kf2 Rc2+ 35. Kf3 Rc3+ 36. Ke2 Rc2+ 37. Kf1 h4 38. b4 Rc4 39. Rb8 Rxe4 40. b5 Rb4 41. b6 Ke5 42. Ke2 Ke4 43. Kd2 e5 44. Kc3 Rb1 45. Kc2 Rb5 46. Kd2 Kf4 47. b7 Kg3 48. Rg8 Rxb7 49. Rxg5+ Kf2 50. Rg4 Rd7+ 51. Kc3 Ke3 52. Rxh4 e4 53. Kc4 Rd4+ 54. Kc3 Rd8 55. Kc2 Rd2+ 56. Kc3 Rxg2 57. Rh8 Rg7 58. h4 Rc7+ 59. Kb2 Kd2 60. h5 Rb7+ 61. Ka3 e3 62. h6 e2 63. Rd8+ Ke1 64. Re8 Rf7 0-1

[Event "USA tt"]
[Site "ICC INT"]
[Date "2012.09.24"]
[Round "4"]
[White "Chirila, Ioan Cristian"]
[Black "Sammour Hasbun, Jorge E"]
[Result "1-0"]
[WhiteElo "2502"]
[BlackElo "2463"]
[PlyCount "81"]
[EventDate "2012.09.04"]
[EventType "team-tourn"]
[EventRounds "10"]
[EventCountry "USA"]
[SourceTitle "CBM 150 Extra"]
[Source "ChessBase"]
[SourceDate "2012.10.19"]
[SourceVersion "1"]
[SourceVersionDate "2012.10.19"]
[SourceQuality "1"]
[WhiteTeam "Dallas"]
[BlackTeam "Boston"]
[WhiteTeamCountry "USA"]
[BlackTeamCountry "USA"]

1. d4 Nf6 2. c4 g6 3. Nc3 d5 4. Nf3 Bg7 5. cxd5 Nxd5 6. Bd2 0-0 7. Rc1 Nb6 8. Bg5 Nc6 9. e3 h6 10. Bh4 Be6 11. Be2 Qd6 12. 0-0 Qb4 13. b3 Rfd8 14. Nb5 Rd7 15. Bg3 Rc8 16. Nd2 a6 17. Nc3 Rcd8 18. Nce4 Bf5 19. Bf3 e5 20. Nc5 Nxd4 21. Nxd7 Nxf3+ 22. Qxf3 Rxd7 23. Nc4 e4 24. Qe2 Nd5 25. Be5 f6 26. Bb2 h5 27. h3 Qe7 28. Rfd1 Qe6 29. Ba3 h4 30. Rd2 c6 31. Bc5 g5 32. Nb6 Rd8 33. Nxd5 cxd5 34. Qh5 g4 35. hxg4 Bxg4 36. Qxh4 Kf7 37. Bd4 Rh8 38. Rc7+ Kg6 39. Rxg7+ Kxg7 40. Bxf6+ Qxf6 41. Qxg4+ 1-0

[Event "USA tt"]
[Site "ICC INT"]
[Date "2010.10.18"]
[Round "9"]
[White "Sammour Hasbun, Jorge E"]
[Black "Kaplan, Sasha"]
[Result "1-0"]
[WhiteElo "2463"]
[BlackElo "2422"]
[PlyCount "83"]
[EventDate "2010.08.23"]
[EventType "team"]
[EventRounds "10"]
[EventCountry "USA"]
[SourceTitle "CBM 138 Extra"]
[Source "ChessBase"]
[SourceDate "2010.10.29"]
[SourceVersion "1"]
[SourceVersionDate "2010.10.29"]
[SourceQuality "1"]

1. e4 e5 2. Nf3 Nc6 3. Bb5 a6 4. Ba4 Nf6 5. 0-0 Be7 6. Re1 b5 7. Bb3 0-0 8. c3 d5 9. exd5 Nxd5 10. Nxe5 Nxe5 11. Rxe5 c6 12. d4 Bd6 13. Re1 Qh4 14. g3 Qh3 15. Re4 g5 16. Qe1 Bf5 17. Nd2 Nf6 18. f3 Rae8 19. Rxe8 Rxe8 20. Qf2 h6 21. a4 Bd3 22. Ne4 Bxe4 23. fxe4 Rxe4 24. Bxg5 Bxg3 25. Bxf7+ Kf8 26. hxg3 Ng4 27. Qg2 Qxg2+ 28. Kxg2 hxg5 29. Bh5 Nf6 30. Bf3 Re6 31. axb5 axb5 32. g4 Ke7 33. Ra7+ Kd6 34. Rg7 b4 35. Rxg5 bxc3 36. bxc3 Re3 37. Rc5 Nd5 38. Kf2 Rd3 39. g5 Nxc3 40. g6 Ke7 41. Rxc6 Nb5 42. g7 1-0

[Event "Foxwoods op"]
[Site "Ledyard"]
[Date "2009.04.11"]
[Round "6"]
[White "Sammour Hasbun, Jorge E"]
[Black "Zenyuk, Iryna"]
[Result "1-0"]
[WhiteElo "2460"]
[BlackElo "2305"]
[PlyCount "37"]
[EventDate "2009.04.08"]
[EventType "swiss"]
[EventRounds "9"]
[EventCountry "USA"]
[SourceTitle "CBM 129 Extra"]
[Source "ChessBase"]
[SourceDate "2009.05.05"]
[SourceVersion "2"]
[SourceVersionDate "2009.05.20"]
[SourceQuality "1"]

1. e4 c5 2. Nf3 e6 3. d4 cxd4 4. Nxd4 Nc6 5. Nc3 Qc7 6. Be3 a6 7. Be2 Nf6 8. 0-0 Bb4 9. Na4 Be7 10. c4 Nxe4 11. c5 0-0 12. Rc1 f5 13. g3 Nxd4 14. Bxd4 Bf6 15. Bxf6 gxf6 16. Bf3 Rb8 17. Bxe4 fxe4 18. Nb6 Qe5 19. Qd6 1-0

[Event "Dos Hermanas Internet f 10th"]
[Site "ICC INT"]
[Date "2009.03.21"]
[Round "4.3"]
[White "Kononenko, Dmitry"]
[Black "Sammour Hasbun, Jorge E"]
[Result "1/2-1/2"]
[WhiteElo "2574"]
[BlackElo "2460"]
[PlyCount "33"]
[EventDate "2009.03.20"]
[EventType "k.o. (blitz)"]
[EventRounds "5"]
[EventCountry "USA"]
[SourceTitle "CBM 129 Extra"]
[Source "ChessBase"]
[SourceDate "2009.05.05"]
[SourceVersion "2"]
[SourceVersionDate "2009.05.20"]
[SourceQuality "1"]

1. d4 d5 2. Bf4 c5 3. e3 cxd4 4. exd4 Nc6 5. c3 Nf6 6. Nf3 Bg4 7. Be2 e6 8. 0-0 Bd6 9. Bg3 0-0 10. Re1 Ne4 11. Bxd6 Qxd6 12. Nbd2 Nxd2 13. Qxd2 Rac8 14. Ne5 Bxe2 15. Qxe2 Nxe5 16. Qxe5 Qxe5 17. Rxe5 1/2-1/2

[Event "Dos Hermanas Internet f 10th"]
[Site "ICC INT"]
[Date "2009.03.21"]
[Round "4.2"]
[White "Sammour Hasbun, Jorge E"]
[Black "Kononenko, Dmitry"]
[Result "1/2-1/2"]
[WhiteElo "2460"]
[BlackElo "2574"]
[PlyCount "121"]
[EventDate "2009.03.20"]
[EventType "k.o. (blitz)"]
[EventRounds "5"]
[EventCountry "USA"]
[SourceTitle "CBM 129 Extra"]
[Source "ChessBase"]
[SourceDate "2009.05.05"]
[SourceVersion "2"]
[SourceVersionDate "2009.05.20"]
[SourceQuality "1"]

1. c4 c5 2. g3 g6 3. Bg2 Bg7 4. Nc3 Nc6 5. e3 e6 6. Nge2 Nge7 7. d4 cxd4 8. Nb5 0-0 9. Nbxd4 d5 10. cxd5 Nxd5 11. 0-0 Bd7 12. b3 Nxd4 13. Nxd4 Rc8 14. Bb2 Qb6 15. Qd2 Rfd8 16. Rac1 h6 17. Rxc8 Rxc8 18. Rd1 Qa6 19. a4 Qb6 20. a5 Qc5 21. Rc1 Qf8 22. Rc4 Kh7 23. Qc1 Qd8 24. Bf3 b5 25. Rxc8 Qxc8 26. Qxc8 Bxc8 27. Bxd5 exd5 28. Bc3 Bxd4 29. Bxd4 a6 30. Kf1 b4 31. Ke2 Bd7 32. Kd2 Bb5 33. Bc5 f5 34. Bxb4 Kg7 35. Kc3 Kf6 36. Kd4 Ke6 37. Bf8 h5 38. Bh6 Bf1 39. Bf4 Be2 40. Kc5 Bb5 41. Kb6 Bd3 42. Kc7 Bb5 43. Kd8 Bc6 44. Bc7 Bb5 45. Bf4 Bc6 46. Kc7 Bb5 47. Kb6 Bd3 48. Kc6 Bb5+ 49. Kc5 Bd3 50. Kd4 Bb5 51. Bh6 Bf1 52. Bf8 Bb5 53. Bc5 Bf1 54. f3 Bb5 55. Bb6 Be2 56. f4 Bb5 57. Kc5 Bf1 58. Bd8 Bb5 59. Bb6 Bf1 60. Kd4 Bb5 61. Kc5 1/2-1/2

[Event "Dos Hermanas Internet f 10th"]
[Site "ICC INT"]
[Date "2009.03.21"]
[Round "4.6"]
[White "Sammour Hasbun, Jorge E"]
[Black "Kononenko, Dmitry"]
[Result "1-0"]
[WhiteElo "2460"]
[BlackElo "2574"]
[PlyCount "99"]
[EventDate "2009.03.20"]
[EventType "k.o. (blitz)"]
[EventRounds "5"]
[EventCountry "USA"]
[SourceTitle "CBM 129 Extra"]
[Source "ChessBase"]
[SourceDate "2009.05.05"]
[SourceVersion "2"]
[SourceVersionDate "2009.05.20"]
[SourceQuality "1"]

1. e4 c5 2. Nf3 Nc6 3. c3 d5 4. exd5 Qxd5 5. d4 Nf6 6. dxc5 Qxd1+ 7. Kxd1 e5 8. b4 e4 9. Nfd2 a5 10. Bb5 Bd7 11. Bb2 axb4 12. Bxc6 Bxc6 13. cxb4 0-0-0 14. Re1 Ng4 15. Re2 f5 16. h3 Nf6 17. Bxf6 gxf6 18. Nc3 Rg8 19. g3 Rd4 20. a3 h5 21. Kc2 h4 22. gxh4 Rd3 23. Nc4 Rxh3 24. Rd1 Be7 25. b5 Be8 26. Nb6+ Kb8 27. Nbd5 Bd8 28. Nf4 Rxc3+ 29. Kxc3 Bxb5 30. Red2 Ba5+ 31. Kb3 Bxd2 32. Rxd2 Rg1 33. h5 Rb1+ 34. Kc3 Rc1+ 35. Kd4 Rh1 36. Kc3 Rh4 37. Ne6 Rxh5 38. Rd8+ Ka7 39. Nc7 Rh3+ 40. Kb4 b6 41. Nxb5+ Kb7 42. Rd7+ Kc6 43. Rc7+ Kd5 44. cxb6 f4 45. b7 Rh1 46. b8Q Rb1+ 47. Ka4 e3 48. Nc3+ Kd4 49. Qxb1 exf2 50. Qe4# 1-0

[Event "Dos Hermanas Internet f 10th"]
[Site "ICC INT"]
[Date "2009.03.21"]
[Round "4.8"]
[White "Sammour Hasbun, Jorge E"]
[Black "Kononenko, Dmitry"]
[Result "0-1"]
[WhiteElo "2460"]
[BlackElo "2574"]
[PlyCount "108"]
[EventDate "2009.03.20"]
[EventType "k.o. (blitz)"]
[EventRounds "5"]
[EventCountry "USA"]
[SourceTitle "CBM 129 Extra"]
[Source "ChessBase"]
[SourceDate "2009.05.05"]
[SourceVersion "2"]
[SourceVersionDate "2009.05.20"]
[SourceQuality "1"]

1. d4 Nf6 2. Nf3 c5 3. c3 e6 4. Bf4 b6 5. e3 Bb7 6. Nbd2 Be7 7. h3 0-0 8. a4 d5 9. Be2 Nc6 10. 0-0 Rc8 11. Re1 Bd6 12. Bxd6 Qxd6 13. Qb3 Rfe8 14. a5 c4 15. Qb5 Nxa5 16. Ne5 Nc6 17. f4 Rc7 18. Bf3 Ree7 19. g4 h6 20. Kh2 Nd7 21. Kg2 f6 22. Nxd7 Rcxd7 23. Qa4 a5 24. Qb5 Qc7 25. Qa4 Na7 26. b3 cxb3 27. Qxb3 e5 28. c4 dxc4 29. Nxc4 Bxf3+ 30. Kxf3 Kh8 31. dxe5 fxe5 32. Nxe5 Rxe5 33. fxe5 Qxe5 34. Rad1 Rxd1 35. Rxd1 Nc6 36. Qd5 Qf6+ 37. Qf5 Ne7 38. Qxf6 gxf6 39. Rd6 b5 40. Rb6 b4 41. Rb5 Nc6 42. Ke4 a4 43. Kd5 a3 44. Kxc6 a2 45. Rb8+ Kg7 46. Rb7+ Kg6 47. Ra7 b3 48. h4 h5 49. gxh5+ Kxh5 50. Ra3 b2 51. Rxa2 b1Q 52. Ra5+ Kxh4 53. Rc5 Qe4+ 54. Kd6 Qxe3 0-1

[Event "Dos Hermanas Internet f 10th"]
[Site "ICC INT"]
[Date "2009.03.21"]
[Round "3.4"]
[White "Sammour Hasbun, Jorge E"]
[Black "Vovk, Yuri"]
[Result "1-0"]
[WhiteElo "2460"]
[BlackElo "2546"]
[PlyCount "207"]
[EventDate "2009.03.20"]
[EventType "k.o. (blitz)"]
[EventRounds "5"]
[EventCountry "USA"]
[SourceTitle "CBM 129 Extra"]
[Source "ChessBase"]
[SourceDate "2009.05.05"]
[SourceVersion "2"]
[SourceVersionDate "2009.05.20"]
[SourceQuality "1"]

1. d4 Nf6 2. c4 g6 3. Nc3 Bg7 4. e4 d6 5. f3 0-0 6. Be3 c5 7. d5 e6 8. Qd2 exd5 9. cxd5 a6 10. a4 h5 11. Nge2 Nh7 12. Nf4 Nd7 13. Nd3 Ne5 14. Nxe5 Bxe5 15. Be2 Qh4+ 16. Bf2 Qg5 17. Be3 Qh4+ 18. Bf2 Qe7 19. 0-0 f5 20. exf5 Bxf5 21. f4 Bg7 22. Rae1 Qd7 23. Bc4 Rae8 24. Re6 Rxe6 25. dxe6 Bxe6 26. Bxe6+ Qxe6 27. Re1 Qc4 28. Ne4 Qxa4 29. Qd5+ Kh8 30. Qxd6 Qc6 31. Bxc5 Qxd6 32. Bxd6 Re8 33. Kf1 Bxb2 34. Nc5 Rxe1+ 35. Kxe1 Nf6 36. Nxb7 Nd5 37. Kd2 Kg7 38. Kd3 Bc1 39. g3 h4 40. Nc5 hxg3 41. hxg3 a5 42. Nb3 Bb2 43. Nxa5 g5 44. Nc4 gxf4 45. Nxb2 fxg3 46. Bxg3 Kg6 47. Ke4 Nf6+ 48. Kf3 Nh5 49. Bf2 Nf6 50. Nd3 Kf5 51. Nc5 Ng4 52. Bg1 Ne5+ 53. Ke2 Ng6 54. Nd7 Nf4+ 55. Kf3 Ng6 56. Nc5 Ne5+ 57. Kg2 Ng4 58. Nb3 Nf6 59. Nd4+ Ke4 60. Nf3 Nd5 61. Nd2+ Kd3 62. Nf1 Ne3+ 63. Bxe3 Ke2 64. Bg1 Kd3 65. Ng3 Kc4 66. Kf3 Kd5 67. Ke3 Ke6 68. Bf2 Kf6 69. Ne2 Kg5 70. Kf3 Kf5 71. Be3 Kg6 72. Ng3 Kf6 73. Ke4 Ke6 74. Bd4 Kf7 75. Nf5 Kg6 76. Kf4 Kh5 77. Ke5 Kg6 78. Be3 Kf7 79. Ng3 Kg8 80. Bc5 Kh7 81. Kf5 Kg7 82. Ne4 Kf7 83. Bd4 Ke8 84. Ke5 Kd8 85. Ng5 Kc8 86. Ne6 Kb7 87. Kd5 Ka8 88. Kc6 Kb8 89. Nc7 Kc8 90. Ba7 Kd8 91. Nd5 Kc8 92. Ne7+ Kd8 93. Kd6 Ke8 94. Be3 Kd8 95. Bg5 Ke8 96. Ng6 Kf7 97. Ne5+ Kg7 98. Ke7 Kh7 99. Kf7 Kh8 100. Bh6 Kh7 101. Bf8 Kh8 102. Ng4 Kh7 103. Nf6+ Kh8 104. Bg7# 1-0

[Event "Dos Hermanas Internet f 10th"]
[Site "ICC INT"]
[Date "2009.03.20"]
[Round "2.1"]
[White "Sammour Hasbun, Jorge E"]
[Black "Delgado Ramirez, Neuris"]
[Result "0-1"]
[WhiteElo "2460"]
[BlackElo "2550"]
[PlyCount "50"]
[EventDate "2009.03.20"]
[EventType "k.o. (blitz)"]
[EventRounds "5"]
[EventCountry "USA"]
[SourceTitle "CBM 129 Extra"]
[Source "ChessBase"]
[SourceDate "2009.05.05"]
[SourceVersion "2"]
[SourceVersionDate "2009.05.20"]
[SourceQuality "1"]

1. d4 d5 2. c4 e6 3. Nf3 Nf6 4. g3 Bb4+ 5. Nbd2 0-0 6. Qc2 dxc4 7. Qxc4 a5 8. Bg2 b6 9. a3 Ba6 10. Qc2 Be7 11. Ne5 Ra7 12. Ndf3 c5 13. dxc5 Bxc5 14. 0-0 Rc7 15. Qb3 Bxe2 16. Re1 Ba6 17. Bg5 h6 18. Rad1 Qe7 19. Ng6 fxg6 20. Rxe6 Qf7 21. Ne5 Bxf2+ 22. Kh1 Bc4 23. Qxc4 Rxc4 24. Nxf7 Kxf7 25. Ree1 Bxe1 0-1

[Event "Dos Hermanas Internet f 10th"]
[Site "ICC INT"]
[Date "2009.03.20"]
[Round "2.3"]
[White "Sammour Hasbun, Jorge E"]
[Black "Delgado Ramirez, Neuris"]
[Result "1-0"]
[WhiteElo "2460"]
[BlackElo "2550"]
[PlyCount "59"]
[EventDate "2009.03.20"]
[EventType "k.o. (blitz)"]
[EventRounds "5"]
[EventCountry "USA"]
[SourceTitle "CBM 129 Extra"]
[Source "ChessBase"]
[SourceDate "2009.05.05"]
[SourceVersion "2"]
[SourceVersionDate "2009.05.20"]
[SourceQuality "1"]

1. c4 e6 2. Nf3 d5 3. Qc2 Nf6 4. g3 dxc4 5. Qxc4 a6 6. Bg2 b5 7. Qc2 Bb7 8. 0-0 c5 9. a4 Nbd7 10. Rd1 Be7 11. d3 0-0 12. Nc3 Qb6 13. Be3 Ng4 14. Bf4 e5 15. Bg5 Bxf3 16. exf3 Bxg5 17. fxg4 Rac8 18. axb5 axb5 19. Nd5 Qd6 20. h4 Bd8 21. g5 Kh8 22. Ne3 f5 23. gxf6 Nxf6 24. Ra7 Rc7 25. Rda1 Qd7 26. Rxc7 Qxc7 27. Ra6 Qb8 28. Qxc5 Bc7 29. Nf5 Qc8 30. Rc6 1-0

[Event "Dos Hermanas Internet qual-E 10th"]
[Site "ICC INT"]
[Date "2009.03.15"]
[Round "12"]
[White "Fridman, Daniel"]
[Black "Sammour Hasbun, Jorge E"]
[Result "1-0"]
[WhiteElo "2650"]
[BlackElo "2460"]
[PlyCount "141"]
[EventDate "2009.03.15"]
[EventType "swiss (blitz)"]
[EventRounds "12"]
[EventCountry "ESP"]
[SourceTitle "CBM 129 Extra"]
[Source "ChessBase"]
[SourceDate "2009.05.05"]
[SourceVersion "2"]
[SourceVersionDate "2009.05.20"]
[SourceQuality "1"]

1. d4 d5 2. Nf3 Nf6 3. c4 c6 4. Qb3 dxc4 5. Qxc4 Bf5 6. g3 e6 7. Bg2 Nbd7 8. 0-0 Be7 9. Nbd2 0-0 10. Qb3 Nb6 11. e3 Ne4 12. Ne5 Qd5 13. Qd1 f6 14. Nd3 e5 15. Re1 Nc4 16. Nxc4 Qxc4 17. b3 Qe6 18. Bb2 Rad8 19. Qe2 Ng5 20. h4 Nf7 21. e4 Bg4 22. f3 Bh3 23. dxe5 fxe5 24. Rad1 Bxg2 25. Kxg2 Bd6 26. Nf2 Bb4 27. Rf1 Bc5 28. Ng4 Bd4 29. Bxd4 exd4 30. f4 d3 31. Qf3 Rd4 32. Nf2 d2 33. e5 Rfd8 34. Qg4 Qd5+ 35. Qf3 Nh6 36. Qxd5+ R4xd5 37. Kf3 Nf5 38. h5 Nd4+ 39. Kg2 Nc2 40. Kf3 Nb4 41. a3 Na2 42. Ne4 c5 43. Rf2 Rd3+ 44. Kg4 Nc1 45. Rfxd2 Rxd2 46. Rxd2 Rxd2 47. Nxd2 Kf7 48. Kf5 Ke7 49. g4 Nd3 50. Ke4 Nf2+ 51. Kf3 Nd3 52. g5 Ke6 53. Ke4 Nf2+ 54. Kf3 Nd3 55. Ne4 b6 56. Ng3 Nc1 57. Ke4 Nxb3 58. f5+ Ke7 59. g6 hxg6 60. fxg6 Nd2+ 61. Kd5 Nf3 62. Nf5+ Kf8 63. e6 Ng5 64. Kd6 Ne4+ 65. Kd7 Nf6+ 66. Kd8 Nd5 67. e7+ Nxe7 68. Nxe7 c4 69. Nd5 b5 70. Nc3 a5 71. Nxb5 1-0

[Event "USA tt"]
[Site "ICC INT"]
[Date "2008.08.27"]
[Round "1"]
[White "Shabalov, Alexander"]
[Black "Sammour Hasbun, Jorge E"]
[Result "0-1"]
[WhiteElo "2611"]
[BlackElo "2463"]
[PlyCount "104"]
[EventDate "2008.10.22"]
[EventType "team"]
[EventRounds "10"]
[EventCountry "USA"]
[SourceTitle "CBM 126 Extra"]
[Source "ChessBase"]
[SourceDate "2008.11.05"]
[SourceVersion "1"]
[SourceVersionDate "2008.11.05"]
[SourceQuality "1"]

1. d4 Nf6 2. Nf3 d5 3. c4 c6 4. Nc3 e6 5. Bg5 h6 6. Bh4 dxc4 7. e4 g5 8. Bg3 b5 9. Be2 Bb7 10. 0-0 Nbd7 11. Ne5 Bg7 12. Nxf7 Kxf7 13. e5 Nd5 14. Ne4 Ke7 15. Nd6 Qb6 16. Qc2 Qxd4 17. Rad1 Qb6 18. Qg6 Bxe5 19. Bg4 Nf8 20. Qf7+ Kxd6 21. Bxe5+ Kxe5 22. Qg7+ Kd6 23. Qxh8 Qc7 24. Qxh6 Qe7 25. Rfe1 Rd8 26. f4 gxf4 27. Qxf4+ Kd7 28. Qf2 Kc7 29. Qxa7 Ra8 30. Qd4 Rxa2 31. Rf1 Nd7 32. Kh1 c5 33. Qf2 N7f6 34. Bf3 c3 35. Qg3+ e5 36. bxc3 Ne3 37. Bxb7 Nxd1 38. Qf3 Nf2+ 39. Rxf2 Ra1+ 40. Rf1 Rxf1+ 41. Qxf1 Kxb7 42. Qxb5+ Kc7 43. Qa5+ Kd7 44. Qb5+ Ke6 45. Qc4+ Kf5 46. h3 e4 47. Kg1 e3 48. Kf1 Qd6 49. Qe2 Qf4+ 50. Ke1 Qg3+ 51. Kd1 Qf2 52. Qd3+ Ke5 0-1

[Event "New England Masters"]
[Site "Pawtucket"]
[Date "2008.08.14"]
[Round "6"]
[White "Sammour Hasbun, Jorge E"]
[Black "Vigorito, David"]
[Result "1/2-1/2"]
[WhiteElo "2463"]
[BlackElo "2382"]
[PlyCount "78"]
[EventDate "2008.08.11"]
[EventType "swiss"]
[EventRounds "9"]
[EventCountry "USA"]
[SourceTitle "CBM 125 Extra"]
[Source "ChessBase"]
[SourceDate "2008.09.01"]
[SourceVersion "1"]
[SourceVersionDate "2008.09.01"]
[SourceQuality "1"]

1. e4 c6 2. d4 d5 3. exd5 cxd5 4. c4 Nf6 5. Nc3 e6 6. Nf3 Bb4 7. cxd5 Nxd5 8. Bd2 Nc6 9. Bd3 0-0 10. 0-0 Be7 11. Qe2 Ncb4 12. Be4 Nf6 13. Bb1 b6 14. Rc1 Ba6 15. Nb5 Qd5 16. a4 Rfc8 17. Rc3 Qh5 18. h3 Nfd5 19. Rxc8+ Rxc8 20. Qe4 Nf6 21. Qe1 Nc2 22. Bxc2 Rxc2 23. Qb1 Rc8 24. Nxa7 Ra8 25. Nc6 Bd6 26. Nce5 Rc8 27. a5 Bb7 28. a6 Bd5 29. Ng5 Bxe5 30. dxe5 Nd7 31. a7 Nxe5 32. Qc2 Ra8 33. Qc7 Nc6 34. Rc1 h6 35. Rxc6 hxg5 36. Qb8+ Kh7 37. Qxa8 Qd1+ 38. Kh2 Qf1 39. f3 Bxf3 1/2-1/2

[Event "New England Masters"]
[Site "Pawtucket"]
[Date "2008.08.11"]
[Round "1"]
[White "Sammour Hasbun, Jorge E"]
[Black "Yanayt, Eugene"]
[Result "1-0"]
[WhiteElo "2463"]
[BlackElo "2254"]
[PlyCount "53"]
[EventDate "2008.08.11"]
[EventType "swiss"]
[EventRounds "9"]
[EventCountry "USA"]
[SourceTitle "CBM 125 Extra"]
[Source "ChessBase"]
[SourceDate "2008.09.01"]
[SourceVersion "1"]
[SourceVersionDate "2008.09.01"]
[SourceQuality "1"]

1. e4 c5 2. Nf3 d6 3. d4 cxd4 4. Nxd4 Nf6 5. Nc3 a6 6. Bg5 e6 7. f4 Be7 8. Qf3 Qc7 9. 0-0-0 Nbd7 10. Bd3 b5 11. Rhe1 Bb7 12. Qg3 h6 13. Bxf6 Bxf6 14. Bxb5 axb5 15. Ndxb5 Qc6 16. Rxd6 Qc5 17. e5 Be7 18. Qxg7 Rf8 19. Rd4 Nb6 20. f5 Bg5+ 21. Kb1 Nd5 22. Ne4 Qb6 23. Ned6+ Ke7 24. f6+ Kd7 25. Nxf7 Kc6 26. Nfd6 Be3 27. Rc4+ 1-0

[Event "Dos Hermanas Internet f 9th"]
[Site "ICC INT"]
[Date "2008.04.05"]
[Round "5.4"]
[White "Har Zvi, Ronen"]
[Black "Sammour Hasbun, Jorge E"]
[Result "1/2-1/2"]
[WhiteElo "2512"]
[BlackElo "2463"]
[PlyCount "56"]
[EventDate "2008.04.04"]
[EventType "k.o. (blitz)"]
[EventRounds "5"]
[EventCountry "ESP"]
[SourceTitle "CBM 123 Extra"]
[Source "ChessBase"]
[SourceDate "2008.05.06"]
[SourceVersion "1"]
[SourceVersionDate "2008.05.06"]
[SourceQuality "1"]

1. Nf3 Nf6 2. c4 c6 3. d4 d5 4. Nc3 dxc4 5. a4 Bf5 6. Ne5 e6 7. f3 Bb4 8. e4 Bxe4 9. fxe4 Nxe4 10. Bd2 Qxd4 11. Nxe4 Qxe4+ 12. Qe2 Bxd2+ 13. Kxd2 Qd5+ 14. Kc3 0-0 15. Nxc4 b5 16. Ne5 Rd8 17. Qe3 a5 18. Be2 Nd7 19. Nxd7 Qxd7 20. Rhd1 Qe7 21. Rxd8+ Rxd8 22. axb5 Qb4+ 23. Kc2 cxb5 24. Rd1 Qa4+ 25. Kc1 Qa1+ 26. Kc2 Qa4+ 27. Kc1 Qa1+ 28. Kc2 Qa4+ 1/2-1/2

[Event "Dos Hermanas Internet f 9th"]
[Site "ICC INT"]
[Date "2008.04.05"]
[Round "5.3"]
[White "Sammour Hasbun, Jorge E"]
[Black "Har Zvi, Ronen"]
[Result "1-0"]
[WhiteElo "2463"]
[BlackElo "2512"]
[PlyCount "57"]
[EventDate "2008.04.04"]
[EventType "k.o. (blitz)"]
[EventRounds "5"]
[EventCountry "ESP"]
[SourceTitle "CBM 123 Extra"]
[Source "ChessBase"]
[SourceDate "2008.05.06"]
[SourceVersion "1"]
[SourceVersionDate "2008.05.06"]
[SourceQuality "1"]

1. c4 c5 2. Nc3 Nf6 3. Nf3 b6 4. g3 Bb7 5. Bg2 e6 6. 0-0 Be7 7. e3 0-0 8. Qe2 d5 9. cxd5 Nxd5 10. d4 Ba6 11. Nb5 Nc6 12. a4 cxd4 13. exd4 Rc8 14. Rd1 Bf6 15. h4 h6 16. Ne5 Qe7 17. Ng4 Rfd8 18. Be3 Qb4 19. Bxd5 Rxd5 20. Nxf6+ gxf6 21. Rac1 Kh7 22. Rc4 Qb3 23. Rdc1 Ne7 24. R1c3 Bxb5 25. axb5 Qa2 26. Qc2+ Kg7 27. Rxc8 Nxc8 28. Rxc8 Rxb5 29. Bxh6+ 1-0

[Event "Dos Hermanas Internet f 9th"]
[Site "ICC INT"]
[Date "2008.04.05"]
[Round "4.3"]
[White "Sammour Hasbun, Jorge E"]
[Black "Kononenko, Dmitry"]
[Result "1-0"]
[WhiteElo "2463"]
[BlackElo "2485"]
[PlyCount "65"]
[EventDate "2008.04.04"]
[EventType "k.o. (blitz)"]
[EventRounds "5"]
[EventCountry "ESP"]
[SourceTitle "CBM 123 Extra"]
[Source "ChessBase"]
[SourceDate "2008.05.06"]
[SourceVersion "1"]
[SourceVersionDate "2008.05.06"]
[SourceQuality "1"]

1. c4 Nf6 2. Nc3 d5 3. cxd5 Nxd5 4. Nf3 g6 5. e4 Nxc3 6. bxc3 Bg7 7. d4 c5 8. Rb1 0-0 9. Be2 Nc6 10. d5 Ne5 11. Nxe5 Bxe5 12. c4 Qd6 13. Qd2 f5 14. f4 Bd4 15. e5 Qa6 16. h4 h5 17. Rb3 e6 18. Rg3 Kf7 19. Qd1 Rh8 20. Ra3 Qb6 21. Rhh3 Bd7 22. Kf1 a6 23. Rhd3 Rhc8 24. Rab3 Qc7 25. Rxd4 cxd4 26. Qxd4 Rab8 27. Ba3 Qa5 28. Bd6 Qxa2 29. Qb6 Qd2 30. g3 Qc1+ 31. Kf2 Ra8 32. Qxb7 Rd8 33. dxe6+ 1-0